=LDR 00000nam 2200000 4500 =001 INLIS000000000027797 =005 20130612130138 =008 ***********************************Ind** =035 ##$$0010-061300000027797 =041 ##$$a Ind =082 ##$$a 330.9 =090 ##$$a 330.9, Bra m =100 ##$$a Bratanata, Slamet =245 ##$$a Mengenal beberapa tantangan kita, Slamet Bratanata =260 ##$$a 1978 $b Jakarta =300 ##$$a 88 hlm, 20 cm =650 ##$$a Mengenal Tantangan =850 ##$$a NBPNMAT